| 000 -LEADER |
| fixed length control field |
00718nam a22001217a 4500 |
| 040 ## - CATALOGING SOURCE |
| Transcribing agency |
RUA |
| 082 ## - DEWEY DECIMAL CLASSIFICATION NUMBER |
| Classification number |
LMA LEA 2024 B701 Or.1 |
| 100 ## - MAIN ENTRY--AUTHOR NAME |
| Personal name |
LEAK MET, លាក់ ម៉េត |
| 245 ## - TITLE STATEMENT |
| Title |
Study On The Systematic Process Of Land Registration In Prey Phkam Village, Prey Phkam Commune,Angkor Borey District, Takeo Province, សិក្សាអំពីដំណើរការចុះបញ្ចីដីធ្លីមានលក្ខណៈជាប្រព័ន្ធនៅភូមិព្រៃផ្គាំ ឃុំព្រៃផ្គាំ ស្រុកអង្គរបូរី ខេត្តតាកែវ |
| 260 ## - PUBLICATION, DISTRIBUTION, ETC. (IMPRINT) |
| Place of publication |
PHNOM PENH |
| Name of publisher |
RUA |
| Year of publication |
2024 |
| 300 ## - PHYSICAL DESCRIPTION |
| Number of Pages |
xi, |
| Other physical details |
ill, |
| Dimensions |
29cm, |
| 942 ## - ADDED ENTRY ELEMENTS (KOHA) |
| Koha item type |
LMA |
| 952 ## - LOCATION AND ITEM INFORMATION (KOHA) |
| Withdrawn status [LOCAL, KOHA] |
0 |
| 952 ## - LOCATION AND ITEM INFORMATION (KOHA) |
| Withdrawn status [LOCAL, KOHA] |
0 |